00321nam a22000977a 4500082001200000100001900012245008700031260004100118650002700159700003700186 a200 THE aShafaq Kausar  aTH-SOF-1269-Miniaturized Single Dual Ray Technology for Communication and Tracking aIslamabadbNUST College of EMEc2016 a MS-ELECT-71 MSTHESIS aSupervisor Dr. Hamood Ur Rehman